Dorpen en Steden van Friesland - Statistieken

Algemene statistieken
  • Deze quiz is 188 keer genomen
  • De gemiddelde score is 70 van 419
Antwoordstatistieken
Gemeente Kern % Correct
Leeuwarden Leeuwarden
88%
Terschelling Hee
86%
Súdwest-Fryslân Sneek
84%
Noardeast-Fryslân Dokkum
78%
Heerenveen Heerenveen
75%
Harlingen Harlingen
73%
De Friese Meren Joure
66%
Ameland | Heerenveen | Noardeast-Fryslân Nes
64%
Súdwest-Fryslân Workum
64%
Súdwest-Fryslân Bolsward
63%
Smallingerland Drachten
63%
Súdwest-Fryslân Stavoren
60%
Waadhoeke Franeker
59%
Leeuwarden Grou
56%
De Friese Meren Balk
52%
Súdwest-Fryslân Makkum
52%
Heerenveen Akkrum
51%
Súdwest-Fryslân Hindeloopen
51%
Súdwest-Fryslân Ijlst
51%
De Friese Meren Sloten
51%
Achtkarspelen Buitenpost
48%
Noardeast-Fryslân Ee
45%
Ameland Hollum
45%
De Friese Meren Lemmer
45%
Tietsjerksteradeel Burgum
44%
Ameland Ballum
42%
Dantumadeel Feanwâlden
42%
Schiermonnikoog Schiermonnikoog
42%
Weststellingwerf Wolvega
42%
Opsterland Bakkeveen
41%
Noardeast-Fryslân Hallum
41%
Tietsjerksteradeel Hurdegaryp
41%
Waadhoeke Sexbierum
41%
Leeuwarden Stiens
41%
Noardeast-Fryslân Kollum
40%
Súdwest-Fryslân Koudum
40%
De Friese Meren | Smallingerland | Súdwest-Fryslân Oudega
40%
Waadhoeke Winsum
40%
Noardeast-Fryslân Holwerd
38%
Ooststellingwerf Oosterwolde
38%
Ooststellingwerf Appelscha
37%
Waadhoeke Dronryp
37%
Waadhoeke Boer
36%
Noardeast-Fryslân Marrum
36%
Vlieland Vlieland
36%
Súdwest-Fryslân Witmarsum
36%
Súdwest-Fryslân Zurich
36%
Ameland Buren
34%
Dantumadeel De Westereen
34%
Leeuwarden Goutum
34%
Súdwest-Fryslân Heeg
34%
Súdwest-Fryslân Wommels
34%
Noardeast-Fryslân Ferwert
32%
Achtkarspelen Harkema
32%
Súdwest-Fryslân Kimswerd
32%
Waadhoeke Marsum
32%
Tietsjerksteradeel Tytsjerk
32%
Terschelling West-Terschelling
32%
Opsterland Beetsterzwaag
30%
Waadhoeke Deinum
30%
Tietsjerksteradeel Gytsjerk
30%
Achtkarspelen Surhuisterveen
30%
Dantumadeel Damwâld
29%
Tietsjerksteradeel Garyp
29%
Súdwest-Fryslân Parrega
29%
Súdwest-Fryslân Pingjum
29%
Noardeast-Fryslân Anjum
27%
Tietsjerksteradeel Eastermar
27%
Leeuwarden Jirnsum
27%
Heerenveen Jubbega
27%
Súdwest-Fryslân Tjerkwerd
27%
Waadhoeke Tzum
27%
Súdwest-Fryslân Arum
26%
Súdwest-Fryslân Blauwhuis
26%
Súdwest-Fryslân Exmorra
26%
Waadhoeke Menaam
26%
Súdwest-Fryslân Nijland
26%
Smallingerland Opeinde
26%
Súdwest-Fryslân Scharnegoutum
26%
De Friese Meren Wijckel
26%
Súdwest-Fryslân Wons
26%
De Friese Meren Broek
25%
Opsterland Gorredijk
25%
Noardeast-Fryslân Kollumerzwaag
25%
Noardeast-Fryslân Moddergat
25%
De Friese Meren Oudehaske
25%
Waadhoeke Tzummarum
25%
Terschelling Hoorn
23%
Súdwest-Fryslân Lollum
23%
Súdwest-Fryslân Molkwerum
23%
Opsterland Nij Beets
23%
Achtkarspelen Twijzel
23%
Achtkarspelen Twijzelerheide
23%
Achtkarspelen Drogeham
22%
Súdwest-Fryslân Hommerts
22%
Noardeast-Fryslân Kollumerpomp
22%
Terschelling Lies
22%
Smallingerland Nijega
22%
Tietsjerksteradeel Oentsjerk
22%
Súdwest-Fryslân Schettens
22%
Súdwest-Fryslân Warns
22%
Waadhoeke Wier
22%
Súdwest-Fryslân Allingawier
21%
Heerenveen De Knipe
21%
Waadhoeke Dongjum
21%
Dantumadeel Driezum
21%
Súdwest-Fryslân Gaast
21%
Súdwest-Fryslân Jutrijp
21%
Waadhoeke Minnertsga
21%
Tietsjerksteradeel Noardburgum
21%
Heerenveen Oranjewoud
21%
De Friese Meren Oudemirdum
21%
Harlingen Wijnaldum
21%
Súdwest-Fryslân Woudsend
21%
Súdwest-Fryslân Ysbrechtum
21%
Smallingerland De Tike
19%
Súdwest-Fryslân Easterein
19%
Harlingen Midlum
19%
Terschelling Midsland
19%
Súdwest-Fryslân Piaam
19%
De Friese Meren Sint Nicolaasga
19%
Tietsjerksteradeel Sumar
19%
Noardeast-Fryslân Ternaard
19%
Tietsjerksteradeel Wyns
19%
Tietsjerksteradeel Aldtsjerk
18%
Waadhoeke Boksum
18%
Noardeast-Fryslân Burdaard
18%
Ooststellingwerf Donkerbroek
18%
Súdwest-Fryslân Easterwierrum
18%
Súdwest-Fryslân Ferwoude
18%
Ooststellingwerf Haule
18%
Súdwest-Fryslân It Heidenskip
18%
Tietsjerksteradeel Jistrum
18%
De Friese Meren Mirns
18%
Súdwest-Fryslân Oppenhuizen
18%
Leeuwarden Reduzum
18%
Smallingerland Rottevalle
18%
Waadhoeke St.-Annaparochie
18%
Achtkarspelen Surhuizum
18%
De Friese Meren Terherne
18%
Súdwest-Fryslân Tersoal
18%
Opsterland Ureterp
18%
Leeuwarden Wergea
18%
Noardeast-Fryslân Blije
16%
Dantumadeel Broeksterwâld
16%
Tietsjerksteradeel Earnewâld
16%
De Friese Meren Harich
16%
Ooststellingwerf Haulerwijk
16%
Súdwest-Fryslân Hemelum
16%
Leeuwarden Jelsum
16%
Achtkarspelen Kootstertille
16%
Leeuwarden Mantgum
16%
Heerenveen Oudeschoot
16%
Noardeast-Fryslân Raard
16%
Súdwest-Fryslân Raerd
16%
Opsterland Tijnje
16%
Noardeast-Fryslân Veenklooster
16%
Waadhoeke Vrouwenparochie
16%
Leeuwarden Warten
16%
Leeuwarden Wirdum
16%
Leeuwarden Wytgaard
16%
Achtkarspelen Boelenslaan
15%
Súdwest-Fryslân Goënga
15%
De Friese Meren Haskerhorne
15%
Súdwest-Fryslân Itens
15%
Súdwest-Fryslân Kornwerderzand
15%
Leeuwarden Lekkum
15%
Waadhoeke Peins
15%
Tietsjerksteradeel Ryptsjerk
15%
Opsterland Terwispel
15%
Súdwest-Fryslân Tirns
15%
Noardeast-Fryslân Wierum
15%
Heerenveen Aldeboarn
14%
Achtkarspelen Augustinusga
14%
Smallingerland Boornbergum
14%
Súdwest-Fryslân Folsgare
14%
Súdwest-Fryslân Hichtum
14%
De Friese Meren Idskenhuizen
14%
De Friese Meren Langweer
14%
Tietsjerksteradeel Mûnein
14%
De Friese Meren Nijemirdum
14%
Noardeast-Fryslân Oosternijkerk
14%
Noardeast-Fryslân Oudwoude
14%
Dantumadeel Rinsumageast
14%
Súdwest-Fryslân Schraard
14%
Waadhoeke St.-Jacobiparochie
14%
Tietsjerksteradeel Suwâld
14%
Dantumadeel Wâlterswâld
14%
Opsterland Wijnjewoude
14%
Noardeast-Fryslân Aalsum
12%
De Friese Meren Bakhuizen
12%
Leeuwarden Easterlittens
12%
De Friese Meren Echten
12%
De Friese Meren Elahuizen
12%
Opsterland Frieschepalen
12%
Achtkarspelen Gerkesklooster
12%
Súdwest-Fryslân Hartwerd
12%
Smallingerland Houtigehage
12%
Súdwest-Fryslân Kûbaard
12%
Noardeast-Fryslân Metslawier
12%
Noardeast-Fryslân Morra
12%
Heerenveen Nieuwehorne
12%
Heerenveen Nieuweschoot
12%
Terschelling Oosterend
12%
Súdwest-Fryslân Poppenwier
12%
Dantumadeel Readtsjerk
12%
De Friese Meren Sintjohannesga
12%
Waadhoeke Spannum
12%
Heerenveen Tjalleberd
12%
De Friese Meren Tjerkgaast
12%
Waadhoeke Achlum
11%
Waadhoeke Berltsum
11%
Leeuwarden Britsum
11%
Súdwest-Fryslân Burgwerd
11%
Noardeast-Fryslân Burum
11%
Súdwest-Fryslân Cornwerd
11%
Opsterland Drachten-Azeven
11%
De Friese Meren Echtenerbrug
11%
Ooststellingwerf Elsloo
11%
Noardeast-Fryslân Engwierum
11%
De Friese Meren Follega
11%
Súdwest-Fryslân Gauw
11%
Noardeast-Fryslân Hantum
11%
Opsterland Hemrik
11%
Waadhoeke Hitzum
11%
Leeuwarden Jellum
11%
Súdwest-Fryslân Loënga
11%
Ooststellingwerf Makkinga
11%
De Friese Meren Nijehaske
11%
Weststellingwerf Noordwolde
11%
Ooststellingwerf Oldeberkoop
11%
Noardeast-Fryslân Reitsum
11%
De Friese Meren Rijs
11%
De Friese Meren Sondel
11%
Noardeast-Fryslân Westergeest
11%
Súdwest-Fryslân Wolsum
11%
Súdwest-Fryslân Abbega
10%
Leeuwarden Baard
10%
Waadhoeke Bitgum
10%
Súdwest-Fryslân Boazum
10%
Noardeast-Fryslân Brantgum
10%
Dantumadeel De Falom
10%
Smallingerland De Veenhoop
10%
Terschelling Formerum
10%
Noardeast-Fryslân Foudgum
10%
Noardeast-Fryslân Ginnum
10%
Noardeast-Fryslân Hiaure
10%
Súdwest-Fryslân Idsegahuizum
10%
Leeuwarden Jorwert
10%
Opsterland Langezwaag
10%
De Friese Meren Oosterzee
10%
Heerenveen Oudehorne
10%
De Friese Meren Rohel
10%
De Friese Meren Scharsterbrug
10%
Dantumadeel Sibrandahûs
10%
Waadhoeke Zweins
10%
Súdwest-Fryslân Dearsum
8%
Súdwest-Fryslân Dedgum
8%
De Friese Meren Delfstrahuizen
8%
Smallingerland De Wilgen
8%
Noardeast-Fryslân Jislum
8%
Terschelling Kaard
8%
Heerenveen Katlijk
8%
Leeuwarden Koarnjum
8%
Leeuwarden Leons
8%
Noardeast-Fryslân Lichtaard
8%
Noardeast-Fryslân Lioessens
8%
Opsterland Lippenhuizen
8%
Heerenveen Luinjeberd
8%
Súdwest-Fryslân Lytsewierrum
8%
Heerenveen Mildam
8%
De Friese Meren Rotsterhaule
8%
Achtkarspelen Stroobos
8%
Noardeast-Fryslân Triemen
8%
Súdwest-Fryslân Uitwellingerga
8%
Noardeast-Fryslân Waaxens
8%
Noardeast-Fryslân Warfstermolen
8%
Ooststellingwerf Waskemeer
8%
Leeuwarden Weidum
8%
Terschelling Baaiduinen
7%
De Friese Meren Bantega
7%
Waadhoeke Bitgummole
7%
De Friese Meren Boornzwaag
7%
Weststellingwerf De Blesse
7%
Waadhoeke Firdgum
7%
Ooststellingwerf Fochteloo
7%
Heerenveen Gersloot
7%
Waadhoeke Herbaijum
7%
Leeuwarden Hijum
7%
Leeuwarden Hilaard
7%
Noardeast-Fryslân Jouswier
7%
Terschelling Landerum
7%
Ooststellingwerf Langedijke
7%
Opsterland Luxwoude
7%
Opsterland Olterterp
7%
Waadhoeke Oostbierum
7%
Súdwest-Fryslân Oosthem
7%
Waadhoeke Oudebildtzijl
7%
Waadhoeke Ried
7%
De Friese Meren Rotstergaast
7%
De Friese Meren Rottum
7%
Súdwest-Fryslân Sibrandabuorren
7%
Weststellingwerf Ter Idzard
7%
Noardeast-Fryslân Zwagerbosch
7%
De Friese Meren Akmarijp
5%
Waadhoeke Baaium
5%
Heerenveen Bontebok
5%
De Friese Meren Doniaga
5%
Súdwest-Fryslân Gaastmeer
5%
Noardeast-Fryslân Hantumhuizen
5%
Heerenveen Haskerdijken
5%
Súdwest-Fryslân Hieslum
5%
Leeuwarden Húns
5%
Noardeast-Fryslân Jannum
5%
Terschelling Kinnum
5%
De Friese Meren Legemeer
5%
Súdwest-Fryslân Longerhouw
5%
Noardeast-Fryslân Niawier
5%
Ooststellingwerf Nijeberkoop
5%
Weststellingwerf Nijelamer
5%
Weststellingwerf Oldelamer
5%
Noardeast-Fryslân Paessens
5%
Waadhoeke Pietersbierum
5%
Ooststellingwerf Ravenswoud
5%
Súdwest-Fryslân Reahûs
5%
Súdwest-Fryslân Rien
5%
Opsterland Siegerswoude
5%
Smallingerland Smalle Ee
5%
Leeuwarden Snakkerburen
5%
De Friese Meren Terkaple
5%
Súdwest-Fryslân Tjalhuizum
5%
De Friese Meren Vegelinsoord
5%
Súdwest-Fryslân Wiuwert
5%
Waadhoeke Wjelsryp
5%
Weststellingwerf Boijl
4%
De Friese Meren Dijken
4%
De Friese Meren Eesterga
4%
Leeuwarden Feinsum
4%
De Friese Meren Goingarijp
4%
Noardeast-Fryslân Hegebeintum
4%
Súdwest-Fryslân Hidaard
4%
Heerenveen Hoornsterzwaag
4%
Leeuwarden Idaerd
4%
Smallingerland Kortehemmen
4%
Leeuwarden Miedum
4%
Noardeast-Fryslân Munnekezijl
4%
Heerenveen Nieuwebrug
4%
Weststellingwerf Nijetrijne
4%
Weststellingwerf Oldeholtpade
4%
De Friese Meren Oldeouwer
4%
Noardeast-Fryslân Oostrum
4%
De Friese Meren Ouwsterhaule
4%
Waadhoeke Slappeterp
4%
De Friese Meren Snikzwaag
4%
Heerenveen Terband
4%
De Friese Meren Teroele
4%
Noardeast-Fryslân Wânswert
4%
Súdwest-Fryslân Westhem
4%
Leeuwarden Alde Leie
3%
Noardeast-Fryslân Augsbuurt
3%
Leeuwarden Bears
3%
Weststellingwerf Blesdijke
3%
Waadhoeke Blessum
3%
Noardeast-Fryslân Bornwird
3%
Súdwest-Fryslân Britswert
3%
Smallingerland Goëngahuizen
3%
Leeuwarden Hempens
3%
Súdwest-Fryslân Koufurderrige
3%
Weststellingwerf Langelille
3%
Waadhoeke Nij Altoenae
3%
Súdwest-Fryslân Offingawier
3%
Weststellingwerf Oldetrijne
3%
De Friese Meren Ouwster-Nijega
3%
Weststellingwerf Peperga
3%
De Friese Meren Ruigahuizen
3%
Weststellingwerf Scherpenzeel
3%
Waadhoeke Skingen
3%
Súdwest-Fryslân Smallebrugge
3%
Weststellingwerf Spanga
3%
Terschelling Striep
3%
Leeuwarden Teerns
3%
Súdwest-Fryslân Waaksens
3%
Waadhoeke Westhoek
3%
Noardeast-Fryslân Wetsens
3%
Súdwest-Fryslân Breeanddijk
1%
Leeuwarden Eagum
1%
Leeuwarden Friens
1%
Noardeast-Fryslân Hantumeruitburen
1%
Súdwest-Fryslân Idzega
1%
Súdwest-Fryslân Iens
1%
Opsterland Jonkerslân
1%
De Friese Meren Kolderwolde
1%
Weststellingwerf Munnekeburen
1%
Weststellingwerf Nijeholtpade
1%
Weststellingwerf Nijeholtwolde
1%
Súdwest-Fryslân Nijhuizum
1%
Weststellingwerf Oldeholtwolde
1%
Súdwest-Fryslân Sandfirden
1%
Waadhoeke Schalsum
1%
Weststellingwerf Slijkenburg
1%
Weststellingwerf Sonnega
1%
Weststellingwerf Steggerda
1%
Weststellingwerf Vinkega
1%
Súdwest-Fryslân Ypecolsga
1%
Weststellingwerf Zandhuizen
1%
Weststellingwerf De Hoeve
0%
Smallingerland Drachtercompagnie
0%
Súdwest-Fryslân Greonterp
0%
Súdwest-Fryslân Hinnaard
0%
Súdwest-Fryslân Indijk
0%
Waadhoeke Ingelum
0%
Waadhoeke Klooster Lidlum
0%
Weststellingwerf Oosterstreek
0%
Leeuwarden Swichum
0%
Leeuwarden Wartsiens
0%
Geen overeenkomende quizzen gevonden
Scoreverdeling
Procent van Mensen met Elke Score
Percentiel versus Aantal Correcte Antwoorden
Uw Scoregeschiedenis
U heeft deze quiz nog niet genomen